| 000 | 00634nam a2200205Ii 4500 | ||
|---|---|---|---|
| 001 | 10638 | ||
| 003 | CO-ViMGA | ||
| 008 | 241108s9999||||xx |||||||||||||| ||und|| | ||
| 040 |
_aCO-ViMGA _bspa _erda _cCO-ViMGA |
||
| 041 | 0 | _aspa | |
| 082 | 0 | 4 | _a001.42 I59c |
| 110 | 1 |
_aInstituto colombiano de Normas tecnicas y certificación, _918499 |
|
| 245 | 1 | 0 | _aCompendio tesis y otros trabajos de grado |
| 264 | 1 | _aBogotá, Colombia : Icontec, 1998 | |
| 300 | _avolumen | ||
| 336 |
_atext _btxt _2rdacontent |
||
| 337 |
_aunmediated _bn _2rdamedia |
||
| 338 |
_avolume _bnc _2rdacarrier |
||
| 940 | _aidficha_siabuc: 10383. -- ficha_no_siabuc:10638 | ||
| 999 |
_c48323 _d48323 |
||